|
|
|
|
| LEADER |
00000nam a2200000 a 4500 |
| 001 |
vtls008301225 |
| 003 |
SK-MaSNL |
| 005 |
20260301074810.0 |
| 008 |
240315s1956 xo g 000 d slo |
| 020 |
|
|
|q (brož.)
|
| 040 |
|
|
|a SNK
|b slo
|c SNK
|e AACR2
|
| 041 |
1 |
|
|a slo
|h fre
|
| 044 |
|
|
|a xo
|c SK
|
| 072 |
|
7 |
|a 821.133.1-2
|x Francúzska dráma, francúzsky písaná
|2 konspekt
|
| 080 |
|
|
|a 821.133.1-2
|2 2001
|
| 080 |
|
|
|a (0:82-2)
|2 2001
|
| 100 |
1 |
|
|a Hugo, Victor,
|d 1802-1885
|4 aut
|
| 245 |
1 |
0 |
|a Hernani
|b veršovaná dráma v 5. dejstvách
|c Victor Hugo ; preložila M. Rázusová-Martáková
|
| 250 |
|
|
|a [1. vyd.]
|
| 260 |
|
|
|a Bratislava
|b Slovenské divadelné a literárne zastupiteľstvo
|c 1956
|
| 300 |
|
|
|a 104 s.
|c 29 cm
|
| 366 |
|
|
|e Rozmn. ako nepredajný rukopis
|
| 500 |
|
|
|a Pravdepodobne prel. z franc. orig.
|
| 500 |
|
|
|a Rozpis vyd. Matice slovenskej z r. 1940
|
| 655 |
|
7 |
|a francúzske drámy
|2 SNKPH
|9 73791
|
| 655 |
|
7 |
|a divadelné hry
|2 SNKPH
|9 70577
|
| 700 |
1 |
|
|a Rázusová-Martáková, Mária,
|d 1905-1964
|4 trl
|9 17404
|
| 958 |
|
|
|a OND
|
| 999 |
|
|
|c 648255
|d 650185
|
| 952 |
|
|
|a SNK
|b SNK
|y PREZ
|7 0
|p 17A0592041
|o snkSB 3155
|i snkKSP 1453/53
|0 0
|1 0
|4 0
|d 2008-07-15
|f 1
|l 0
|r 2025-02-07 00:00:00
|w 2026-02-23
|
| 952 |
|
|
|a SNK
|b SNK
|y VYP
|7 0
|p 17A0486160
|o snkSB 3155 D1
|i snkK 202/68
|8 3
|0 0
|1 0
|4 0
|d 2005-10-05
|l 0
|r 2026-02-23 18:13:55
|w 2026-02-23
|